000 00695nam a2200193Ia 4500
008 151121s9999||||xx |||||||||||||| ||und||
082 _a808।385/कांबळे
082 _bHNW-68479
100 _aक ांबळे अविनाश वि।
245 _aमराठी गझल: 1920ते 1985
260 _b"नीहारा प्रकाशन, पुणे।"
260 _c--
300 _a240
600 _aक ांबळे अविनाश वि।
630 _aमराठी गझल: 1920ते 1985
700 _aक ांबळे अविनाश वि।
730 _aमराठी गझल: 1920ते 1985
942 _cBOOK
999 _c1249973
_d1249970